|
|
|
|
| LEADER |
00000nab a2200000 ar4500 |
| 001 |
vtls009492170 |
| 003 |
SK-MaSNL |
| 005 |
20260303044911.0 |
| 008 |
090415c2009 xo sr|p|||||||000 b|slo |
| 015 |
|
|
|a SNBRB2009/05
|2 snkbucl
|
| 038 |
|
|
|a SNKBUCL
|
| 040 |
|
|
|a SNKBUCL
|b slo
|c SNKBUCL
|e AACR2
|
| 041 |
0 |
|
|a slo
|
| 044 |
|
|
|a xo
|c SK
|
| 080 |
|
|
|a 343
|2 2001
|
| 080 |
|
|
|a 340.133
|2 2001
|
| 100 |
1 |
|
|a Klátik, Jaroslav,
|d 1979-
|4 aut
|9 50579
|
| 245 |
1 |
0 |
|a Trestný zákon a Trestný poriadok
|c Jaroslav Klátik
|
| 630 |
0 |
7 |
|a Trestný zákon
|2 snkbucl
|9 304438
|
| 630 |
0 |
7 |
|a trestný poriadok
|2 snkbucl
|9 151580
|
| 650 |
0 |
7 |
|a novelizácia
|2 snkbucl
|9 393155
|
| 773 |
0 |
|
|t Verejná správa : školy, úrady, obce, kultúra, zdravotníctvo, rozpočtové, príspevkové, neziskové organizácie
|g Č. 4 (2009), s. 2-8
|x 1337-0448
|
| 852 |
|
|
|a SNK
|b KIS3GCP
|
| 999 |
|
|
|c 1701913
|d 1703843
|